01025nam0a22002291 4500001001500000005001700015035002600032100004100058101001300099102000700112105001800119200024400137205001700381210007500398215002200473300012400495700008800619801001800707801002200725801002700747852002100774v19\rc\140804320250618103137.0 a(NLR Aleph) 004537170 a20060512d1886 |||y0rusy50 ca0 arusachu aRU ay j |||||1 aГрамматика древнего церковно-славянского языка, изложенная сравнительно с русскоюeСост. для сред. учеб. заведений П. Смирновским a4-е изд. aСанкт-Петербургcтип. И.И. Глазуноваd1886 aVIII, 172 с.d22 aСо 2-го изд. подзаг.: Сост. для сред. учеб. заведений П. Смирновским 1aСмирновскийbП.В.f1846-1904gПетр Владимирович4220 0aRUbNLRgpsbo 0aRUbRuMoRGB2psbo 1aRUbProSoft-M2rusmarc aNLRj18.215.6.21